| 000 | 00934nam a22003017a 4500 | ||
|---|---|---|---|
| 003 | CHAP | ||
| 005 | 20220329141558.0 | ||
| 008 | 971013s1970 r 00010 d | ||
| 010 | _a70427 | ||
| 011 | _a71399 | ||
| 035 | _a80953 | ||
| 040 | _cCHAP | ||
| 082 |
_a581.38 _bC4 |
||
| 100 | 0 | 0 |
_aChapman, G. P. _921914 |
| 245 | _aPatterns of change in tropical plants | ||
| 260 |
_aLondon. : _bUniversity of London, _c1970 |
||
| 300 |
_a112 p. _b: ilus. : láms. |
||
| 590 |
_aBATCH-UPD _b10 _c20130110 _lUCH01 _h0112 |
||
| 590 |
_aBATCH-UPD _b10 _c20130110 _lUCH01 _h2038 |
||
| 590 |
_aBATCH-UPD _b10 _c20130410 _lUCH01 _h1353 |
||
| 590 |
_aBATCH-UPD _b10 _c20130914 _lUCH01 _h0918 |
||
| 590 |
_aCONVERSION _b10 _c20130109 _lUCH01 _h1339 |
||
| 650 | 1 | 4 |
_aEvolución (Plantas) _939010 |
| 650 | 1 | 4 |
_aPlantas tropicales. _989088 |
| 901 | _aBK | ||
| 942 | _cLIBRO | ||
| 949 |
_a581.38 C4 _bBC _cLIBRO _d33724000539458 _eLIBRO _h28349 _i80953 _si _t67.50 |
||
| 999 |
_c70427 _d70427 |
||